Longest Range Narrowbody Aircraft - Statistics

General Stats
  • This quiz has been taken 8 times
  • The average score is 4 of 8
Answer Stats
Range Aircraft % Correct
3,500 NM A321NEO
83%
3,750 NM A319NEO
67%
4,700 NM A321XLR
67%
3,900 NM 757-200
50%
4,000 NM A321LR
50%
3,700 NM A319-100
33%
3,800 NM 737 MAX 7
17%
4,500 NM A319LR
0%
No matching quizzes found
Score Distribution
Percent of People with Each Score
Percentile by Number Answered
Your Score History
You have not taken this quiz